|
|
|
|
| LEADER |
00000nam#a22000001a#4500 |
| 001 |
00018179 |
| 003 |
AR-BaUAD |
| 005 |
20230908135815.0 |
| 008 |
930430s1984####xxuo|||##||||||||#||eng|d |
| 020 |
|
|
|a 0914919008
|
| 040 |
|
|
|a AR-BaUAD
|b spa
|c AR-BaUAD
|
| 041 |
|
|
|a eng
|
| 044 |
|
|
|c us
|2 ISO3166-1
|
| 080 |
|
|
|a 7.011:76
|
| 100 |
1 |
|
|a Dobrow, Larry
|
| 245 |
1 |
0 |
|a When advertising tried harder :
|b the sixties, the golden age of american advertising
|
| 260 |
|
|
|a New York :
|b Friendy Press,
|c 1984
|
| 300 |
|
|
|a 205 p. :
|b fot., col.
|
| 653 |
|
|
|a PUBLICIDAD
|
| 653 |
|
|
|a ANUNCIOS
|
| 653 |
|
|
|a AFICHES
|
| 653 |
|
|
|a TELEVISION
|
| 653 |
|
|
|a MONTAJE
|
| 653 |
|
|
|a FOTOGRAFIA
|
| 653 |
|
|
|a ESCUELA DE NUEVA YORK
|
| 653 |
|
|
|a DISEÑO GRAFICO
|
| 653 |
|
|
|a ESTADOS UNIDOS
|
| 655 |
|
|
|a TEXTO
|
| 852 |
|
|
|c 87-3
|
| 952 |
|
|
|0 0
|1 0
|4 0
|6 873
|7 0
|9 251
|a AR-BaUAD
|b AR-BaUAD
|d 0000-00-00
|e compra Hirsh
|g 60.00
|i 18179
|l 0
|o 87-3
|p e3hmc18179
|r 2023-09-08 13:58:15
|w 2023-09-08
|y BK
|
| 952 |
|
|
|0 0
|1 0
|4 0
|7 0
|9 252
|a AR-BaUAD
|b AR-BaUAD
|d 2023-09-08
|i 18180
|l 0
|p 96f1s18180
|r 2023-09-08 13:58:15
|w 2023-09-08
|y BK
|
| 990 |
|
|
|a Ej. No1 : 18179 . 20/2/1986 -- compra Hirsh -- (60 australes).
|b ADM
|
| 990 |
|
|
|a Ej. No2 : 18180 .
|b ADM
|
| 990 |
|
|
|a DG198
|b TD
|
| 990 |
|
|
|a AAQ00018179
|b CC
|
| 998 |
|
|
|a AAQ
|b Bibun 76
|
| 942 |
|
|
|c BK
|
| 999 |
|
|
|c 159
|d 159
|